SC Freiburg Squad 23/24 - Statistics

General Stats
  • This quiz has been taken 19 times
  • The average score is 17 of 27
Answer Stats
Kit No. Player % Correct
32 Vincenzo Grifo 🇮🇹
94%
30 Christian Günter 🇩🇪
88%
28 Matthias Ginter 🇩🇪
88%
1 Noah Atubolu 🇩🇪
88%
22 Roland Sallai 🇭🇺
88%
20 Junior Adamu 🇦🇹
81%
3 Philipp Lienhart 🇦🇹
81%
42 Ritsu Doan 🇯🇵
81%
6 Attila Szalai 🇭🇺
75%
38 Michael Gregoritsch 🇦🇹
75%
21 Florian Müller 🇩🇪
69%
33 Jordy Makengo 🇫🇷
69%
7 Noah Weißhaupt 🇩🇪
69%
14 Yannik Keitel 🇩🇪
69%
9 Lucas Höler 🇩🇪
63%
17 Lukas Kübler 🇩🇪
63%
27 Nicolas Höfler 🇩🇪
63%
5 Manuel Gulde 🇩🇪
56%
8 Maximilian Eggestein 🇩🇪
56%
23 Florent Muslija 🇽🇰
50%
4 Kenneth Schmidt 🇩🇪
50%
25 Kiliann Sildillia 🇫🇷
44%
26 Maximilian Philipp 🇩🇪
44%
34 Merlin Röhl 🇩🇪
44%
31 Benjamin Uphoff 🇩🇪
38%
37 Max Rosenfelder 🇩🇪
38%
11 Daniel-Kofi Kyereh 🇭🇺
19%
No matching quizzes found
Score Distribution
Percent of People with Each Score
Percentile by Number Answered
Your Score History
You have not taken this quiz